| 000 | 00488nam a2200145Ia 4500 | ||
|---|---|---|---|
| 008 | 170221s9999 xx 000 0 und d | ||
| 100 | _aScott Ballantyne | ||
| 245 | _aLeadership decision-making utilizing a strategic focus to enhance global achievement | ||
| 245 | _cScott Ballantyne, Alvernia University. | ||
| 260 | _bJournal of Management and Marketing Research | ||
| 260 | _c2012 | ||
| 300 | _a1 : 5 | ||
| 650 | _xBusiness | ||
| 856 | _uhttp://www.aabri.com/manuscripts/121161.pdf | ||
| 999 |
_c313413 _d313413 |
||